Statistics for State Individual Highest Tax Rate

Click here to take the quiz!

General Stats

  • This quiz has been taken 3,289 times
  • The average score is 38 of 51

Answer Stats

Tax Rate %Answer% Correct
12.3CA
91%
12.00MA
89%
0.00WA
87%
4.63CO
83%
0.00FL
81%
8.82NY
81%
5.00UT
81%
5.00AL
80%
4.95IL
80%
4.25MI
80%
9.9OR
80%
0.00AK
78%
3.23IN
78%
5.499NC
78%
2.9ND
78%
6.84NE
78%
4.997OH
78%
5.00OK
78%
3.07PA
78%
7.00SC
78%
0.00SD
78%
11.00HI
76%
5.00MS
76%
4.9NM
76%
5.99RI
76%
0.00TX
76%
9.85MN
74%
7.65WI
74%
0.00WY
74%
6.9AR
72%
7.15ME
72%
5.00NH
72%
8.97NJ
72%
8.95VT
72%
5.2KS
70%
5.00TN
70%
5.75VA
70%
6.5WV
70%
6.6DE
69%
6.00GA
69%
8.98IA
69%
7.4ID
69%
6.00KY
69%
4.54AZ
67%
6.00LA
67%
5.75MD
67%
6.00MO
65%
0.00NV
63%
6.99CT
61%
8.95DC
61%
6.9MT
61%

Score Distribution

Percentile by Number Answered

Percent of People with Each Score

Your Score History

You have not taken this quiz